000 00871nam a2200265 i 4500
001 14604
003 ES-MaACL
005 20250827062539.0
007 t|
008 990429s1999 sp ||||1| spa d
020 _a84-7476-268-5
080 _a324(460)"1980/1997"
245 0 4 _aLas elecciones autonómicas en España
_b: 1980-1997 /
_cEdición a cargo de Manuel Alcántara, Antonia Martínez.
250 _a1ª ed.
260 _aMadrid :
_bCentro de Investigaciones Sociológicas,
_c1998.
300 _a542 p. ;
_c24 cm.
490 1 _aAcademia
650 1 4 _aElecciones-
_zEspaña-
_y1980-1997.
_912148
700 1 _aAlcántara, Manuel.
_919497
700 1 _aMartínez, Antonia.
_977716
710 2 _aCentro de Investigaciones Sociológicas (España)
_92708
830 0 _aAcademia
_9228519
852 _aES-MaACL
_jL-21808
_bR.127082
999 _c14604
_d14604